000 00348nam a22001337a 4500
020 _a978-0470371985
082 _a005.42
_bSEG
100 _aSeguis, Steve
245 _aWindows PowerShell 2 For Dummies /
_cSteve Seguis
260 _aNew Jersey;
_bJohn Wiley & Sons, Inc.,
_c2009.
300 _a397p. ;
563 _aPB
942 _2ddc
_cBK
999 _c615174
_d615174